Länder Ozeaniens Sudden Death - Statistiken

Allgemein
  • Dieses Quiz wurde 374 mal gespielt
  • Das Durchschnittsergebnis liegt bei 12 aus 14
Answers on the Grid
Answers color-coded by a green-red scale on the quiz's grid according to % correct below.
Australien
Barbados
Bahamas
Fidschi
Costa Rica
Neuseeland
Marshallinseln
Grenada
Kiribati
Mikronesien
Malediven
Sri Lanka
São Tomé und
Príncipe
Trinidad und Tobago
Nauru
Palau
Laos
Samoa
Malaysia
Papua-Neuguinea
Salomonen
Haiti
Tonga
Jamaika
Tuvalu
Togo
Vanuatu
Kap Verde
 
Antwortstatistiken
Antwort % Korrekt
Australien
97%
Fidschi
92%
Neuseeland
91%
Mikronesien
89%
Marshallinseln
85%
Kiribati
84%
Tuvalu
84%
Palau
83%
Salomonen
82%
Samoa
82%
Nauru
81%
Vanuatu
80%
Papua-Neuguinea
78%
Tonga
77%
Keine übereinstimmenden Quizze gefunden
Verteilung der Resultate
Anzahl Personen mit jedem Resultat
Perzentil nach korrekt beantworteten Fragen
Ihre Resultats-Entwicklung
Sie haben dieses Quiz noch nicht gespielt